书目信息 |
| 题名: |
实事求是
|
|
| 作者: | 吴自聪 著 | |
| 分册: | ||
| 出版信息: | 长春 吉林出版集团有限责任公司 2019 |
|
| 页数: | 186页 | |
| 开本: | 23cm | |
| 丛书名: | 马克思主义简明读本 | |
| 单 册: | ||
| 中图分类: | B022.2 | |
| 科图分类: | ||
| 主题词: | 实事求是--理论研究 | |
| 电子资源: | ||
| ISBN: | 978-7-5534-2599-3 | |
| 000 | 00891oam2 2200253 45 | |
| 001 | 012001011997 | |
| 005 | 20140103145851.0 | |
| 010 | @a978-7-5534-2599-3@dCNY29.70 | |
| 100 | @a20181022d2014 em y0chiy0110 ea | |
| 101 | 0 | @achi |
| 102 | @aCN@b220000 | |
| 105 | @ay z 000yy | |
| 106 | @ar | |
| 200 | 1 | @a实事求是@9shi shi qiu shi@f吴自聪著 |
| 210 | @a长春@c吉林出版集团有限责任公司@d2019 | |
| 215 | @a186页@d23cm | |
| 225 | 2 | @a马克思主义简明读本 |
| 330 | @a从中国共产党的发展历程来看,坚持实事求是的思想路线,中国革命和建设就能取得重大胜利,否则,就会遭受重大挫折。斗转星移,时至今日,实事求是仍然焕发着勃然生机,指引中华儿女追寻民族复兴、国家富强、人民安康的中国梦。 | |
| 461 | 0 | @12001 @a马克思主义简明读本 |
| 606 | 0 | @a实事求是@x理论研究 |
| 690 | @aB022.2@v5 | |
| 701 | 0 | @a吴自聪@9wu zi cong@4著 |
| 801 | 0 | @aCN@b上海新华@c20191020 |
| 905 | @b1139217-20@dB022.2@e141@f4 | |
| 实事求是/吴自聪著.-长春:吉林出版集团有限责任公司,2019 |
| 186页;23cm.-(马克思主义简明读本) |
| ISBN 978-7-5534-2599-3:CNY29.70 |
| 从中国共产党的发展历程来看,坚持实事求是的思想路线,中国革命和建设就能取得重大胜利,否则,就会遭受重大挫折。斗转星移,时至今日,实事求是仍然焕发着勃然生机,指引中华儿女追寻民族复兴、国家富强、人民安康的中国梦。 |
| ● |
| 相关链接 |
|
|
|
|
正题名:实事求是
索取号:B022.2/141
 
预约/预借
| 序号 | 登录号 | 条形码 | 馆藏地/架位号 | 状态 | 备注 |
| 1 | 1139217 | 211392170 | 第一样本阅览室/ [索取号:B022.2/141] | 在馆 | |
| 2 | 1139218 | 211392189 | 第一借阅区/ [索取号:B022.2/141] | 在馆 | |
| 3 | 1139219 | 211392198 | 第一借阅区/ [索取号:B022.2/141] | 在馆 | |
| 4 | 1139220 | 211392205 | 第一借阅区/ [索取号:B022.2/141] | 在馆 |